Tighter controls for farm waste (Record no. 118462)
[ view plain ]
| 000 -LEADER | |
|---|---|
| fixed length control field | 01302cam a2200205 4500 |
| 001 - CONTROL NUMBER | |
| control field | WB@3612-891 |
| 008 - FIXED-LENGTH DATA ELEMENTS--GENERAL INFORMATION | |
| fixed length control field | 041216n2004 000 0 eng u |
| 035 ## - SYSTEM CONTROL NUMBER | |
| System control number | (Sirsi) u128345 |
| 245 ## - TITLE STATEMENT | |
| Title | Tighter controls for farm waste |
| 260 ## - PUBLICATION, DISTRIBUTION, ETC. | |
| Date of publication, distribution, etc. | 2004 |
| 490 ## - SERIES STATEMENT | |
| Series statement | DEFRA News Release |
| Volume/sequential designation | (511/04) 9 December 2004 (3) |
| 520 ## - SUMMARY, ETC. | |
| Summary, etc. | Under new proposals published today by DEFRA, open burning of farm waste and on-farm dumps will be strictly controlled. The proposed new measures will bring controls for agricultural waste in to line with waste management controls for all other business sectors. Farmers will no longer be able to dispose of waste in farm dumps without a landfill permit and the open burning of plastic waste will not be allowed. The proposals will apply controls to farm waste covering its storage, transport, recovery and final disposal. Over 160 000 farmers will be contacted in December 2004 so that they can comment on the new waste rules. The consultation ends on 18 March 2005 and is available at: http://www.defra.gov.uk/corporate/consult/agwaste- regs/index.htm. http://www.defra.gov.uk/news/2004/041209a.htm |
| 590 ## - LOCAL NOTE (RLIN) | |
| Local note | WB |
| 590 ## - LOCAL NOTE (RLIN) | |
| Local note | WB |
| 650 ## - SUBJECT ADDED ENTRY--TOPICAL TERM | |
| Topical term or geographic name entry element | FARM WASTE |
| 650 ## - SUBJECT ADDED ENTRY--TOPICAL TERM | |
| Topical term or geographic name entry element | ENVIRONMENT |
| 9 (RLIN) | 6238 |
| 650 ## - SUBJECT ADDED ENTRY--TOPICAL TERM | |
| Topical term or geographic name entry element | AGRICULTURAL WASTE |
| 690 ## - LOCAL SUBJECT ADDED ENTRY--TOPICAL TERM (OCLC, RLIN) | |
| Topical term or geographic name as entry element | WASTE MANAGEMENT |
| 942 ## - ADDED ENTRY ELEMENTS (KOHA) | |
| Suppress in OPAC | 0 |
| Withdrawn status | Lost status | Source of classification or shelving scheme | Damaged status | Not for loan | Home library | Current library | Shelving location | Date acquired | Total Checkouts | Full call number | Barcode | Date last seen | Copy number | Price effective from | Koha item type |
|---|---|---|---|---|---|---|---|---|---|---|---|---|---|---|---|
| Other/Generic Classification Scheme | London | London | News article | 16/12/2004 | WB@3612-891 | 128345-1001 | 06/08/2019 | 1 | 06/08/2019 | News article |